Literary theories and criticism beyond modernism [2nd ed.] (Record no. 57264)
[ view plain ]
| 000 -LEADER | |
|---|---|
| fixed length control field | 00638nam a2200193Ia 4500 |
| 005 - DATE AND TIME OF LATEST TRANSACTION | |
| control field | 20260629163253.0 |
| 008 - FIXED-LENGTH DATA ELEMENTS--GENERAL INFORMATION | |
| fixed length control field | 260629s9999||||xx |||||||||||||| ||und|| |
| 020 ## - INTERNATIONAL STANDARD BOOK NUMBER | |
| International Standard Book Number | 8189293001 |
| Qualifying information | pbk |
| 020 ## - INTERNATIONAL STANDARD BOOK NUMBER | |
| International Standard Book Number | 9788189293000 |
| Qualifying information | pbk |
| 082 ## - DEWEY DECIMAL CLASSIFICATION NUMBER | |
| Classification number | 801.95 |
| Item number | GAN.2E |
| 100 ## - MAIN ENTRY--PERSONAL NAME | |
| Personal name | Gangopadhyay, Avik |
| 245 #0 - TITLE STATEMENT | |
| Title | Literary theories and criticism beyond modernism [2nd ed.] |
| 250 ## - EDITION STATEMENT | |
| Edition statement | 1st ed. 2005 ; 2nd rev. ed. 2010 |
| 260 ## - PUBLICATION, DISTRIBUTION, ETC. | |
| Place of publication, distribution, etc. | Kolkata |
| Name of publisher, distributor, etc. | Books way Publishers and Distributors |
| Date of publication, distribution, etc. | 2010 |
| 300 ## - PHYSICAL DESCRIPTION | |
| Extent | xvii, 401p. ; 22cm. |
| 653 ## - INDEX TERM--UNCONTROLLED | |
| Uncontrolled term | Literary theory and criticism, contemporary period |
| 653 ## - INDEX TERM--UNCONTROLLED | |
| Uncontrolled term | Philosophy and theory of literature |
| 942 ## - ADDED ENTRY ELEMENTS (KOHA) | |
| Koha item type | Book |
| Withdrawn status | Lost status | Damaged status | Not for loan | Home library | Current library | Shelving location | Date acquired | Source of acquisition | Total Checkouts | Full call number | Barcode | Date last seen | Price effective from | Koha item type |
|---|---|---|---|---|---|---|---|---|---|---|---|---|---|---|
| LRC, IIT Indore | LRC, IIT Indore | 2nd Floor - General Stack | 29/06/2026 | Gratis Book Price: INR 295.00 | 801.95 GAN.2E | G2489 | 29/06/2026 | 29/06/2026 | Book |
